[Event "Karlsruhe Grenke op"]
[Site "Karlsruhe"]
[Date "2025.04.21"]
[Round "8"]
[White "Yurovskich, Oleksandr"]
[Black "Petkidis, Anthony"]
[Result "1/2-1/2"]
[WhiteElo "2328"]
[BlackElo "2471"]
[PlyCount "34"]
[EventDate "2025.04.17"]
[EventType "swiss"]
[EventRounds "9"]
[EventCountry "GER"]
[SourceTitle "CB17_2025"]
[SourceDate "2025.04.23"]
[SourceVersion "1"]
[SourceVersionDate "2025.04.23"]
[SourceQuality "1"]

1. d4 Nf6 2. Nf3 d5 3. c3 e6 4. Bf4 c5 5. e3 Nc6 6. Nbd2 cxd4 7. exd4 Nh5 8. Bg3 Nxg3 9. hxg3 g6 10. Bd3 Bg7 11. 0-0 0-0 12. Qe2 Bd7 13. Ne5 f6 14. Nxd7 Qxd7 15. Nb3 b6 16. Rfe1 e5 17. Bb5 Qd6 1/2-1/2

[Event "Karlsruhe Grenke op"]
[Site "Karlsruhe"]
[Date "2025.04.20"]
[Round "6"]
[White "Mohamed, Anees M"]
[Black "Petkidis, Anthony"]
[Result "1-0"]
[WhiteElo "2359"]
[BlackElo "2471"]
[PlyCount "107"]
[EventDate "2025.04.17"]
[EventType "swiss"]
[EventRounds "9"]
[EventCountry "GER"]
[SourceTitle "CB17_2025"]
[SourceDate "2025.04.23"]
[SourceVersion "1"]
[SourceVersionDate "2025.04.23"]
[SourceQuality "1"]

1. d4 d5 2. Nc3 Nf6 3. Bf4 c5 4. e3 cxd4 5. exd4 a6 6. Nf3 Nc6 7. Ne5 Bd7 8. g4 e6 9. g5 Nxe5 10. Bxe5 Ng8 11. h4 h6 12. gxh6 Rxh6 13. Qf3 Ne7 14. Bf4 Rh8 15. h5 Qa5 16. 0-0-0 b5 17. Kb1 b4 18. Ne2 Qb6 19. h6 Ng6 20. hxg7 Bxg7 21. Rxh8+ Bxh8 22. Be3 Bb5 23. Nf4 Nxf4 24. Qxf4 Bg7 25. Qg4 Bf8 26. f4 Rc8 27. f5 Bxf1 28. Rxf1 Qc6 29. fxe6 Qxe6 30. Qf3 Be7 31. Rf2 Rc6 32. Bc1 Rd6 33. a3 bxa3 34. Qxa3 Rc6 35. Qf3 Rd6 36. Qh5 Qg6 37. Qh8+ Bf8 38. Qe5+ Qe6 39. Qh2 Qg4 40. Rf4 Qg6 41. Rf3 Be7 42. Rc3 Rd8 43. Rc7 Qd6 44. Bf4 Qe6 45. b3 Qe1+ 46. Bc1 Bf8 47. Qh5 Qe6 48. Rc3 Be7 49. Re3 Qg6 50. Qh4 Qd6 51. Qg4 Qg6 52. Ba3 Rd7 53. Rxe7+ Rxe7 54. Qc8# 1-0

[Event "Karlsruhe Grenke op"]
[Site "Karlsruhe"]
[Date "2025.04.19"]
[Round "4"]
[White "Heinrich, John"]
[Black "Petkidis, Anthony"]
[Result "1/2-1/2"]
[WhiteElo "2285"]
[BlackElo "2471"]
[PlyCount "88"]
[EventDate "2025.04.17"]
[EventType "swiss"]
[EventRounds "9"]
[EventCountry "GER"]
[SourceTitle "CB17_2025"]
[SourceDate "2025.04.23"]
[SourceVersion "1"]
[SourceVersionDate "2025.04.23"]
[SourceQuality "1"]

1. Nf3 d5 2. c4 d4 3. b4 g5 4. Qa4+ c6 5. h3 h6 6. d3 Bg7 7. g4 e5 8. Nbd2 Ne7 9. Ne4 0-0 10. h4 f6 11. hxg5 hxg5 12. Bg2 Bxg4 13. Bd2 Be6 14. 0-0-0 g4 15. Nh4 Nd7 16. f3 b5 17. Qc2 a5 18. fxg4 axb4 19. Nf5 bxc4 20. dxc4 Bxf5 21. gxf5 Qa5 22. Kb1 Rfb8 23. Rh3 Nc5 24. Nxc5 Qxc5 25. Rb3 Nc8 26. e3 Nd6 27. exd4 exd4 28. Bf4 Rd8 29. Bxd6 Rxd6 30. Be4 Re8 31. Rg3 Kf8 32. Rdg1 Bh6 33. Rg8+ Ke7 34. Qh2 Rxg8 35. Rxg8 Qe5 36. Qxh6 Qxe4+ 37. Kb2 Qe2+ 38. Kb1 Qe1+ 39. Kb2 Qf2+ 40. Ka1 Qe1+ 41. Kb2 Qc3+ 42. Kb1 Qd3+ 43. Kb2 Qc3+ 44. Kb1 Qd3+ 1/2-1/2

[Event "Karlsruhe Grenke op"]
[Site "Karlsruhe"]
[Date "2025.04.19"]
[Round "5"]
[White "Petkidis, Anthony"]
[Black "Vichnar, David"]
[Result "1-0"]
[WhiteElo "2471"]
[BlackElo "2289"]
[PlyCount "59"]
[EventDate "2025.04.17"]
[EventType "swiss"]
[EventRounds "9"]
[EventCountry "GER"]
[SourceTitle "CB17_2025"]
[SourceDate "2025.04.23"]
[SourceVersion "1"]
[SourceVersionDate "2025.04.23"]
[SourceQuality "1"]

1. e4 c5 2. Nf3 e6 3. d4 cxd4 4. Nxd4 Nc6 5. Nc3 a6 6. Be3 Nf6 7. a3 Qc7 8. f4 Nxd4 9. Bxd4 Qxf4 10. g3 Qc7 11. e5 Nd5 12. Nxd5 exd5 13. Bg2 d6 14. Qe2 Be6 15. 0-0-0 0-0-0 16. Rd3 Kb8 17. exd6 Bxd6 18. Bxg7 Rhe8 19. Bf6 Bf5 20. Bxd8 Qxd8 21. Qd2 Bxd3 22. Qxd3 Qg5+ 23. Kb1 Re3 24. Qxh7 Qe5 25. Qxf7 Qd4 26. Bxd5 Re7 27. Qf3 Re3 28. Qd1 Qb6 29. Bb3 a5 30. Re1 1-0

[Event "Biel HTO 57th"]
[Site "Biel"]
[Date "2024.07.23"]
[Round "8"]
[White "Petkidis, Anthony"]
[Black "Jumabayev, Rinat"]
[Result "0-1"]
[WhiteElo "2428"]
[BlackElo "2565"]
[PlyCount "80"]
[EventDate "2024.07.15"]
[EventType "swiss"]
[EventRounds "10"]
[EventCountry "SUI"]
[SourceTitle "CBM 221"]
[Source "ChessBase"]
[SourceDate "2024.08.31"]
[SourceVersion "1"]
[SourceVersionDate "2024.08.31"]
[SourceQuality "1"]

1. e4 c5 2. Nf3 e6 3. d4 cxd4 4. Nxd4 Nc6 5. Nc3 a6 6. Be3 Nf6 7. f4 Bb4 8. Bd3 Qb6 9. 0-0 Bc5 10. Na4 Bxd4 11. Nxb6 Bxe3+ 12. Kh1 Bxb6 13. e5 Nd5 14. Qg4 g6 15. Qh4 Bc5 16. Be4 Ne3 17. Rfe1 Nf5 18. Qh3 b6 19. a3 Bb7 20. b4 Be7 21. c4 Rb8 22. Rad1 h5 23. Rd2 Nd8 24. Qd3 Bc8 25. Red1 0-0 26. Qf3 Re8 27. Rxd7 Bxd7 28. Rxd7 Rc8 29. Qc3 Nc6 30. Qd3 Nb8 31. Bxf5 exf5 32. e6 fxe6 33. Rb7 b5 34. Qe3 Kf7 35. cxb5 axb5 36. Rxb5 Red8 37. h3 Rd1+ 38. Kh2 Rcc1 39. Rb6 Rh1+ 40. Kg3 h4+ 0-1

[Event "Biel HTO 57th"]
[Site "Biel"]
[Date "2024.07.17"]
[Round "3"]
[White "Bommini, Mounika Akshaya"]
[Black "Petkidis, Anthony"]
[Result "0-1"]
[WhiteElo "2140"]
[BlackElo "2428"]
[PlyCount "82"]
[EventDate "2024.07.15"]
[EventType "swiss"]
[EventRounds "10"]
[EventCountry "SUI"]
[SourceTitle "CBM 221"]
[Source "ChessBase"]
[SourceDate "2024.08.31"]
[SourceVersion "1"]
[SourceVersionDate "2024.08.31"]
[SourceQuality "1"]

1. d4 Nf6 2. c4 e6 3. Nc3 Bb4 4. e3 0-0 5. Bd2 d5 6. Nf3 b6 7. cxd5 exd5 8. Bd3 Bd6 9. 0-0 Bb7 10. Qb1 Na6 11. a3 c5 12. Ne5 Nc7 13. f4 Ne6 14. Nf3 cxd4 15. Nxd4 Nc5 16. Be2 Nfe4 17. Nxe4 Nxe4 18. Be1 Bc5 19. Qd1 Rc8 20. b4 Be7 21. Bg4 Rc4 22. Be2 Rc8 23. Bg4 Rc4 24. Be2 Bf6 25. Rc1 Bxd4 26. exd4 Rxc1 27. Qxc1 Qf6 28. Qb2 Bc8 29. b5 Bf5 30. Bb4 Rc8 31. Re1 Qh4 32. Rf1 Nf6 33. Be1 Qh6 34. Qb3 Be4 35. Bd2 Qg6 36. Rf2 Ng4 37. Bxg4 Qxg4 38. Be3 h5 39. Qb4 Bxg2 40. Rxg2 Qd1+ 41. Kf2 Rc2+ 0-1

[Event "Biel HTO 57th"]
[Site "Biel"]
[Date "2024.07.15"]
[Round "1"]
[White "Erne, Raphael"]
[Black "Petkidis, Anthony"]
[Result "1/2-1/2"]
[WhiteElo "2108"]
[BlackElo "2428"]
[PlyCount "62"]
[EventDate "2024.07.15"]
[EventType "swiss"]
[EventRounds "10"]
[EventCountry "SUI"]
[SourceTitle "CBM 221"]
[Source "ChessBase"]
[SourceDate "2024.08.31"]
[SourceVersion "1"]
[SourceVersionDate "2024.08.31"]
[SourceQuality "1"]

1. c4 Nf6 2. g3 e6 3. Bg2 d5 4. Nf3 Be7 5. d4 0-0 6. Qc2 a5 7. 0-0 Nc6 8. a3 a4 9. cxd5 exd5 10. Nc3 Bd7 11. Bf4 Qc8 12. Rac1 Nd8 13. Ne5 Ra5 14. Qd2 Ne6 15. Ne4 Nxf4 16. Nxf6+ Bxf6 17. Qxf4 Be6 18. Nd3 c6 19. Qd2 Ra7 20. e3 Bh3 21. Qb4 Bxg2 22. Kxg2 Re8 23. Nc5 Be7 24. Qd2 Bd6 25. Qc2 Bxc5 26. Qxc5 Ra8 27. Qc2 Re4 28. Qd2 Re6 29. h4 Rf6 30. Rc5 h5 31. Ra5 g6 1/2-1/2

[Event "SUI-chT"]
[Site "Switzerland"]
[Date "2024.04.28"]
[Round "3.4"]
[White "Petkidis, Anthony"]
[Black "Borsuk, Konstantin"]
[Result "0-1"]
[WhiteElo "2423"]
[BlackElo "2429"]
[PlyCount "146"]
[EventDate "2024.03.10"]
[EventType "team-tourn"]
[EventRounds "9"]
[EventCountry "SUI"]
[SourceTitle "CBM 220 Extra"]
[Source "ChessBase"]
[SourceDate "2024.07.31"]
[SourceVersion "1"]
[SourceVersionDate "2024.07.31"]
[SourceQuality "1"]
[WhiteTeam "Zuerich"]
[BlackTeam "Wollishofen"]
[WhiteTeamCountry "SUI"]
[BlackTeamCountry "SUI"]

1. e4 e6 2. d4 d5 3. e5 c5 4. c3 Nc6 5. Nf3 Qb6 6. a3 c4 7. Nbd2 Na5 8. Rb1 Bd7 9. h4 h6 10. b4 cxb3 11. Nxb3 Nxb3 12. Nd2 Ba4 13. Nxb3 Ne7 14. Bd3 Nc6 15. Bc2 Qc7 16. 0-0 Bb5 17. Re1 a6 18. Nc5 b6 19. a4 Bc4 20. Nd3 0-0-0 21. Nb2 Na5 22. Nxc4 Nxc4 23. Bd3 Kb7 24. Qf3 Rd7 25. h5 Qc6 26. Qd1 Be7 27. f4 Rc8 28. Rf1 Ka7 29. Rf3 Na3 30. Bxa3 Bxa3 31. Ra1 Bb2 32. Bb5 Qb7 33. Bxd7 Qxd7 34. Ra2 Bxc3 35. Rd3 Rc4 36. Kh2 a5 37. Qg4 Bxd4 38. Qxg7 Qe7 39. g3 Qc7 40. Kh3 Rb4 41. Rf3 Rb1 42. Re2 Rh1+ 43. Kg4 Bxe5 44. fxe5 Qc4+ 45. Rf4 Qxe2+ 46. Rf3 Rf1 47. Qxf7+ Ka6 48. Qf8 Qxf3+ 49. Qxf3 Rxf3 50. Kxf3 b5 51. axb5+ Kxb5 52. g4 a4 53. g5 hxg5 54. h6 a3 55. h7 a2 56. h8Q a1Q 57. Qe8+ Kc4 58. Qc6+ Kd4 59. Qb6+ Kxe5 60. Qc7+ Kf6 61. Qd8+ Kg6 62. Qe8+ Kf5 63. Qf7+ Qf6 64. Qh7+ Ke5+ 65. Ke2 g4 66. Qh2+ Ke4 67. Qh7+ Qf5 68. Qb7 Qf3+ 69. Ke1 e5 70. Qh7+ Kf4 71. Qg7 Qe3+ 72. Kf1 Kg3 73. Qf6 Qf3+ 0-1

[Event "Karlsruhe Grenke op"]
[Site "Karlsruhe"]
[Date "2024.03.30"]
[Round "5"]
[White "Petkidis, Anthony"]
[Black "Gajcin, Marina"]
[Result "1-0"]
[WhiteElo "2423"]
[BlackElo "2241"]
[PlyCount "43"]
[EventDate "2024.03.28"]
[EventType "swiss"]
[EventRounds "9"]
[EventCountry "GER"]
[SourceTitle "EXT 2025"]
[Source "ChessBase"]
[SourceDate "2024.10.14"]
[SourceVersion "1"]
[SourceVersionDate "2024.10.14"]
[SourceQuality "1"]

1. e4 c6 2. Nc3 d5 3. Nf3 Bg4 4. h3 Bxf3 5. Qxf3 e6 6. d4 Nf6 7. Bd3 dxe4 8. Nxe4 Qxd4 9. c3 Qd8 10. Bf4 Nbd7 11. Rd1 Qa5 12. 0-0 Ne5 13. Nxf6+ gxf6 14. Bxe5 fxe5 15. Qf6 Rg8 16. Bxh7 Be7 17. Qh6 Rf8 18. a3 Rd8 19. Bc2 Rd5 20. Be4 Rd4 21. Rd3 Rxd3 22. Rd1 1-0

[Event "SUI-chT"]
[Site "Switzerland"]
[Date "2024.03.10"]
[Round "1.4"]
[White "Petkidis, Anthony"]
[Black "Hasenohr, Benedict"]
[Result "1-0"]
[WhiteElo "2423"]
[BlackElo "2305"]
[PlyCount "81"]
[EventDate "2024.03.10"]
[EventType "team-tourn"]
[EventRounds "9"]
[EventCountry "SUI"]
[SourceTitle "CBM 220 Extra"]
[Source "ChessBase"]
[SourceDate "2024.07.31"]
[SourceVersion "1"]
[SourceVersionDate "2024.07.31"]
[SourceQuality "1"]
[WhiteTeam "Zuerich"]
[BlackTeam "Winterthur"]
[WhiteTeamCountry "SUI"]
[BlackTeamCountry "SUI"]

1. e4 e5 2. Nf3 Nc6 3. d4 exd4 4. Nxd4 Nf6 5. Nxc6 bxc6 6. Nd2 d5 7. exd5 cxd5 8. Bb5+ Bd7 9. Bxd7+ Qxd7 10. 0-0 Be7 11. b3 0-0 12. Bb2 Qf5 13. Re1 Bb4 14. Re5 Qf4 15. Nf3 Rae8 16. Qd3 c6 17. Rf5 Qe4 18. Bxf6 gxf6 19. Rc1 Bc3 20. g3 Bb2 21. Rd1 Qxd3 22. Rxd3 Re4 23. Kf1 Kg7 24. Nd2 Kg6 25. Rff3 f5 26. Rfe3 Rfe8 27. c3 Bc1 28. Nxe4 fxe4 29. Re2 Bh6 30. c4 f5 31. cxd5 Rd8 32. Rc3 cxd5 33. Rec2 Bg5 34. Rc8 d4 35. R2c6+ Kh5 36. Rxd8 Bxd8 37. f3 Kg5 38. Re6 e3 39. Ke2 Bb6 40. h4+ Kh5 41. Rf6 1-0